[Event "World Blitz 2023"]
[Site "Samarkand UZB"]
[Date "2023.12.30"]
[Round "19.19"]
[White "Salem, A.R. Saleh"]
[Black "Uskov, Artem"]
[Result "1-0"]
[WhiteElo "2668"]
[BlackElo "2328"]
[EventDate "2023.12.29"]

1. d4 Nf6 2. c4 e6 3. Nc3 Bb4 4. a3 Bxc3+ 5. bxc3 b6 6. f3 Nc6 7. e4 d6 8.
Bd3 Na5 9. Nh3 O-O 10. Bg5 e5 11. Nf2 h6 12. Be3 Re8 13. O-O Ba6 14. Qe2 c6
15. Rad1 Qe7 16. f4 Rad8 17. Rfe1 Qf8 18. Qf1 Nd7 19. Nh1 c5 20. Ng3 exd4
21. cxd4 cxd4 22. Bxd4 Nc5 23. Nf5 Ne6 24. Ba1 Rc8 25. Re3 g6 26. Nxh6+
Qxh6 27. Rh3 Qxh3 28. gxh3 Nc5 29. Qf2 Nxd3 30. Rxd3 Rxc4 31. Qb2 Kf8 32.
Qg7+ Ke7 33. Bf6+ Ke6 34. f5+ gxf5 35. exf5+ Kxf5 36. Rf3+ Ke4 37. Qg2 Rg8
38. Rg3+ Kf5 39. Qf3+ Ke6 40. Rxg8 Rc1+ 41. Kg2 Bb7 42. Re8+ Kd7 43. Re7+
Kc8 44. Rxb7 Nxb7 45. Bg5 Rc5 46. h4 Na5 47. Qxf7 Nc6 48. Bf4 Rc2+ 49. Kg3
Rc3+ 50. Kg4 Ne5+ 51. Bxe5 dxe5 52. Qe6+ Kb7 53. Qxe5 1-0

[Event "World Blitz 2023"]
[Site "Samarkand UZB"]
[Date "2023.12.30"]
[Round "19.20"]
[White "Giri, Anish"]
[Black "Suleymanli, Aydin"]
[Result "1/2-1/2"]
[WhiteElo "2731"]
[BlackElo "2553"]
[EventDate "2023.12.29"]

1. d4 Nf6 2. c4 e6 3. Nf3 d5 4. Nc3 c5 5. cxd5 cxd4 6. Qxd4 exd5 7. Bg5 Be7
8. e3 O-O 9. Be2 Nc6 10. Qd3 Be6 11. O-O h6 12. Bh4 Qb6 13. Bxf6 Bxf6 14.
Nxd5 Bxd5 15. Qxd5 Qxb2 16. Bc4 Rad8 17. Qf5 Qa3 18. Rab1 b6 19. h4 Qa5 20.
Rb5 Qc3 21. Bb3 Ne7 22. Qg4 Rd6 23. h5 a6 24. Rb4 b5 25. g3 Rfd8 26. Kg2
Qc6 27. a4 Nd5 28. axb5 axb5 29. Re4 Nc3 30. Rf4 Ne2 31. Rf5 Nc1 32. Rxc1
Qxc1 33. Rxb5 Qc6 34. Rb4 Rd3 35. Qf5 Rc3 36. Ba2 Qc8 37. Qe4 Qc6 38. Qf5
Qc8 39. Qb1 Rc7 40. Qe4 Qa8 41. Qb1 Ra7 42. Bc4 Rc7 43. e4 Qa5 44. Bd5 Qc5
45. Qb3 Kf8 46. Rc4 Qa7 47. Rb4 Rc3 48. Qb1 Rc7 49. Rb5 Qa6 50. Rb6 Qa1 51.
Qb4+ Be7 52. Qb3 Bc5 53. Rb5 Qa7 54. Qb2 Ba3 55. Qe2 Re8 56. Rb3 Qa5 57.
Qd3 Bc5 58. Nh4 Qa2 59. Qf3 Qd2 60. Rd3 Qg5 61. Nf5 Qf6 62. Qf4 Rd7 63. Rf3
Qg5 64. Qxg5 hxg5 65. Kh3 Re5 66. Kg4 f6 67. Rb3 Rd8 68. Rb7 Bxf2 69. Rf7+
Kg8 70. Rd7+ Rxd5 71. Rxd5 Rxd5 72. exd5 Bc5 73. d6 Kf7 74. d7 Bb6 75. Kf3
g6 76. Nd6+ Kg7 77. Ne8+ Kh6 78. Nxf6 gxh5 79. Nd5 Bd8 80. Ke4 Kg6 81. Ke5
h4 82. gxh4 gxh4 83. Nf4+ Kf7 84. Kf5 Ke7 85. Kg4 Kxd7 86. Ng6 Ke6 87. Nxh4
Bxh4 88. Kxh4 1/2-1/2

[Event "World Blitz 2023"]
[Site "Samarkand UZB"]
[Date "2023.12.30"]
[Round "19.21"]
[White "Fedoseev, Vladimir"]
[Black "Makarian, Rudik"]
[Result "0-1"]
[WhiteElo "2719"]
[BlackElo "2540"]
[EventDate "2023.12.29"]

1. d4 Nf6 2. c4 e6 3. Nc3 d5 4. cxd5 exd5 5. Bg5 c6 6. e3 Bf5 7. Qf3 Bg6 8.
Bxf6 Qxf6 9. Qxf6 gxf6 10. Nce2 Bb4+ 11. Kd1 Bd6 12. Nf3 a5 13. Ng3 a4 14.
a3 Nd7 15. Nh4 Bxg3 16. hxg3 Ke7 17. Rc1 Nb6 18. Rc3 Nc8 19. Nxg6+ fxg6 20.
g4 Nd6 21. Bd3 Kf7 22. Ke2 Kg7 23. f3 Rhe8 24. Kf2 Re7 25. Rc2 Rae8 26. Re2
Kg8 27. Rc1 Ra8 28. Rc5 Kf7 29. e4 dxe4 30. fxe4 Rd8 31. g5 f5 32. e5 Ne8
33. Rc4 Nc7 34. Rxa4 Kg7 35. Rd2 Ne6 36. Ke3 c5 37. d5 Rxd5 38. Bc4 Rxe5+
39. Kf2 Nxg5 40. Rd8 Ne4+ 41. Kf3 Nf6 42. Ra7 Re3+ 43. Kf2 Ng4+ 44. Kg1
Re1+ 45. Bf1 Ne3 0-1

[Event "World Blitz 2023"]
[Site "Samarkand UZB"]
[Date "2023.12.30"]
[Round "19.22"]
[White "Van Foreest, Jorden"]
[Black "Bai, Jinshi"]
[Result "1/2-1/2"]
[WhiteElo "2664"]
[BlackElo "2516"]
[EventDate "2023.12.29"]

1. e4 c5 2. Nf3 e6 3. d4 cxd4 4. Nxd4 a6 5. c4 Nf6 6. Nc3 Bb4 7. Qd3 d6 8.
Nc2 Bxc3+ 9. Qxc3 O-O 10. Bd3 Nc6 11. O-O d5 12. exd5 exd5 13. Bg5 d4 14.
Qd2 h6 15. Bh4 Be6 16. Rfe1 Rc8 17. Rad1 Re8 18. Bf1 g5 19. Bg3 Nh5 20.
Nxd4 Nxd4 21. Qxd4 Nxg3 22. Qc3 Ne4 23. Rxd8 Nxc3 24. Rxe8+ Rxe8 25. bxc3
Rc8 26. Rb1 Bxc4 27. Rxb7 Bxa2 28. Rb6 Rxc3 29. Rxa6 Be6 30. Ra1 Kg7
1/2-1/2

[Event "World Blitz 2023"]
[Site "Samarkand UZB"]
[Date "2023.12.30"]
[Round "19.23"]
[White "Mamedov, Rauf"]
[Black "Nesterov, Arseniy"]
[Result "1/2-1/2"]
[WhiteElo "2635"]
[BlackElo "2488"]
[EventDate "2023.12.29"]

1. e4 e5 2. Nf3 Nf6 3. Nxe5 d6 4. Nf3 Nxe4 5. d4 d5 6. Bd3 Be7 7. O-O Bf5
8. Re1 O-O 9. Nbd2 Nd6 10. Bxf5 Nxf5 11. c3 c6 12. Nf1 Na6 13. Qd3 Nd6 14.
Ne5 Nc7 15. Qh3 Re8 16. Ng3 Qc8 17. Qh5 Bf8 18. Bd2 f6 19. Nd3 Qd7 20. Bf4
Rxe1+ 21. Rxe1 Re8 22. Rxe8 Qxe8 23. Qd1 Ne6 24. Bc1 Nd8 25. h4 Ne4 26. Nf1
Nf7 27. Bf4 Bd6 28. Ne3 Bxf4 29. Nxf4 Ned6 30. Nd3 Nd8 31. g3 Qe7 32. Qg4
Qe6 33. Qf4 Qe7 34. a4 N8f7 35. Nc5 b6 36. Nd3 Qe4 37. Qxe4 Nxe4 38. Kf1
Ned6 39. Ke2 Kf8 40. b3 Nd8 41. Nf4 Kf7 42. Kd3 Ne6 43. Nxe6 Kxe6 44. f3
Nf5 45. Nf1 h5 46. Ke2 g5 47. hxg5 fxg5 48. g4 hxg4 49. fxg4 Nd6 50. Ng3
Kf6 51. Kd3 Ke6 52. Ke3 a5 53. Kd3 Ne8 54. Nh5 Nf6 55. Nxf6 1/2-1/2

[Event "World Blitz 2023"]
[Site "Samarkand UZB"]
[Date "2023.12.30"]
[Round "19.24"]
[White "Tsydypov, Zhamsaran"]
[Black "Kuzubov, Yuriy"]
[Result "1/2-1/2"]
[WhiteElo "2626"]
[BlackElo "2487"]
[EventDate "2023.12.29"]

1. d4 Nf6 2. Nc3 d5 3. Bf4 c6 4. e3 g6 5. h4 Bg7 6. Be2 h6 7. Qd2 Nbd7 8.
g4 b5 9. f3 Nb6 10. b3 Nfd7 11. a4 b4 12. Nd1 a5 13. Rc1 e5 14. dxe5 Nxe5
15. c3 bxc3 16. Nxc3 O-O 17. Nd1 Bb7 18. g5 h5 19. Nh3 Re8 20. O-O Nbd7 21.
Kg2 Qb6 22. Rb1 Ba6 23. Nc3 Nc5 24. Nf2 Ne6 25. Bxa6 Qxa6 26. Ne2 Nxf4+ 27.
Nxf4 Rab8 28. Rfc1 Bf8 29. Qe2 Qb7 30. e4 Nd7 31. Qc2 Bd6 32. Ne2 Rbc8 33.
Rd1 Bf8 34. Nd4 Bg7 35. Qd2 Qb6 36. exd5 cxd5 37. Nb5 Nf8 38. Qxd5 Ne6 39.
Nh3 Rc2+ 40. Kg3 Bf8 41. Rd3 Qb8+ 42. f4 Ng7 43. Nf2 Nf5+ 44. Kf3 Rxf2+ 45.
Kxf2 Qxf4+ 46. Kg1 Qxh4 47. Rf1 Qxg5+ 48. Qg2 Qxg2+ 49. Kxg2 Ne3+ 50. Kf2
Nxf1 51. Kxf1 h4 52. Nc7 Re5 53. Nd5 Kg7 54. Kg2 g5 55. Ne3 f5 56. Nc4 Re2+
57. Kf1 Ra2 58. Rd5 Kg6 59. Ne5+ Kg7 60. Nd7 Bb4 61. Rxf5 Kg6 62. Rf6+ Kh5
63. Ne5 h3 64. Rf7 Kh4 65. Nf3+ Kg3 66. Nxg5 Ra1+ 67. Ke2 h2 68. Ne4+ Kg4
69. Nf2+ Kg5 70. Rh7 Ra2+ 71. Kf3 Rb2 72. Rxh2 Rxb3+ 73. Ke4 Ra3 74. Rg2+
Kf6 75. Ng4+ Ke6 76. Ne5 Rxa4 77. Rg6+ Ke7 78. Kd5 Ra1 79. Re6+ Kf8 80. Rb6
Rd1+ 81. Kc4 Rc1+ 82. Kb3 Rc3+ 83. Ka4 Ra3+ 84. Kb5 Rh3 85. Nc6 Bc3 86. Ra6
Rh5+ 87. Kb6 Rh6 88. Kb5 Rh5+ 89. Kb6 Rh6 90. Kb5 1/2-1/2

[Event "World Blitz 2023"]
[Site "Samarkand UZB"]
[Date "2023.12.30"]
[Round "19.1"]
[White "Hovhannisyan, Robert"]
[Black "Riazantsev, Alexander"]
[Result "1/2-1/2"]
[WhiteElo "2570"]
[BlackElo "2621"]
[EventDate "2023.12.29"]

1. e4 c5 2. Nf3 e6 3. d4 cxd4 4. Nxd4 Nf6 5. Nc3 Nc6 6. Be2 Bb4 7. O-O Bxc3
8. bxc3 Nxe4 9. Nxc6 dxc6 10. Qxd8+ Kxd8 11. Bf3 f5 12. Bxe4 fxe4 13. Re1
e5 14. Rxe4 Re8 15. Bg5+ Kc7 16. Rxe5 Rxe5 17. Bf4 g6 18. Bxe5+ Kb6 19.
Bd4+ Ka6 20. c4 Bf5 21. c3 Re8 22. h3 Re2 23. g4 Be6 24. c5 Rxa2 25. Rxa2+
Bxa2 26. Kf1 Kb5 27. Ke2 Be6 28. Kd2 Kc4 29. Kc1 Kd3 30. f4 Ke4 31. f5 gxf5
32. gxf5 Bxf5 33. h4 Kd3 34. Kb2 Kc4 35. Bf2 h5 36. Bg1 Bg4 37. Bf2 Be6 38.
Bg1 Kb5 39. Bf2 Ka4 40. Be3 Kb5 41. Bf2 a5 42. Bg1 Kc4 43. Bf2 Bg4 44. Bg1
Kd3 45. Bf2 Bd1 46. Bg1 a4 47. Bd4 Kc4 48. Be3 a3+ 49. Kxa3 Kxc3 50. Bg1
Bb3 51. Bf2 Kc4 52. Kb2 Bd1 1/2-1/2

[Event "World Blitz 2023"]
[Site "Samarkand UZB"]
[Date "2023.12.30"]
[Round "19.2"]
[White "Shimanov, Aleksandr"]
[Black "Bocharov, Dmitry"]
[Result "1-0"]
[WhiteElo "2611"]
[BlackElo "2482"]
[EventDate "2023.12.29"]

1. e4 c5 2. Nf3 d6 3. d4 cxd4 4. Qxd4 Nf6 5. Bg5 Nc6 6. Qd3 e6 7. Nc3 Be7
8. Be2 O-O 9. O-O h6 10. Bh4 b6 11. Rad1 Bb7 12. a3 Rc8 13. h3 Ne5 14. Qe3
Qc7 15. Nd4 a6 16. Bg3 b5 17. Rd2 Nc4 18. Bxc4 Qxc4 19. Nb3 e5 20. Na5 Qc7
21. Nxb7 Qxb7 22. Bh4 g5 23. Bg3 Rc4 24. Re1 Rfc8 25. h4 Nh5 26. Qf3 Ng7
27. hxg5 hxg5 28. Qd3 Ne6 29. Nd5 Bf8 30. c3 a5 31. Qf3 Bg7 32. Qf5 R8c5
33. Red1 Rc6 34. Ne3 1-0

[Event "World Blitz 2023"]
[Site "Samarkand UZB"]
[Date "2023.12.30"]
[Round "19.3"]
[White "Guseinov, Gadir"]
[Black "Yakubboev, Nodirbek"]
[Result "1/2-1/2"]
[WhiteElo "2563"]
[BlackElo "2582"]
[EventDate "2023.12.29"]

1. e4 c5 2. Nc3 e6 3. Nf3 Nc6 4. d4 cxd4 5. Nxd4 Nf6 6. g3 d6 7. Bg2 Bd7 8.
O-O a6 9. Nxc6 Bxc6 10. a4 Be7 11. Be3 O-O 12. a5 Nd7 13. Re1 Qc7 14. Na4
Rac8 15. Nb6 Nxb6 16. Bxb6 Qd7 17. c4 Bd8 18. Bxd8 Rfxd8 19. Qd4 Qc7 20. b4
e5 21. Qd3 Bd7 22. Rec1 Be6 23. Bf1 Qb8 24. Qe3 Rc6 25. Rc3 Rdc8 26. Rac1
Qc7 27. h4 Kf8 28. Kh2 b6 29. axb6 Qxb6 30. Qxb6 Rxb6 31. c5 Rxb4 32. cxd6
Rd8 33. Bxa6 Rxe4 34. Rd1 Ra4 35. Bb5 Rd4 36. Re1 f6 37. f4 Rd2+ 38. Kg1
R8xd6 39. fxe5 fxe5 40. Rxe5 Rb2 41. Be2 Kf7 42. Rf3+ Ke7 43. Rfe3 Kf6 44.
R5e4 g6 45. Kf2 Bf5 46. Rf4 h5 47. Ra4 Bg4 48. Rf4+ Bf5 49. Ra4 Rc6 50. Rd4
Rcc2 51. Rd6+ Kf7 52. Ke1 Rc1+ 53. Kf2 Bg4 54. Rd4 Rcc2 55. Rf4+ Kg7 56.
Re7+ Kh6 57. Rfe4 Bxe2 58. Rxe2 Rxe2+ 59. Rxe2 Rxe2+ 1/2-1/2

[Event "World Blitz 2023"]
[Site "Samarkand UZB"]
[Date "2023.12.30"]
[Round "19.4"]
[White "Christiansen, Johan-Sebastian"]
[Black "Idani, Pouya"]
[Result "0-1"]
[WhiteElo "2541"]
[BlackElo "2574"]
[EventDate "2023.12.29"]

1. e4 e5 2. Nf3 Nc6 3. d4 exd4 4. Nxd4 Bb4+ 5. c3 Be7 6. Nf5 Bf6 7. Ne3
Nge7 8. f4 d6 9. Bd3 O-O 10. O-O g6 11. Nd2 Bg7 12. Nf3 d5 13. e5 d4 14.
cxd4 Nxd4 15. Nxd4 Qxd4 16. Qe2 Bf5 17. Bc4 Rad8 18. Kh1 Be4 19. Rd1 Qc5
20. Bb3 Nc6 21. Ng4 Rxd1+ 22. Bxd1 Qd5 23. Be3 h5 24. Bb3 Qd3 25. Qxd3 Bxd3
26. Nf2 Bf5 27. Rd1 b6 28. Ba4 Ne7 29. Bb3 Kh7 30. g3 f6 31. e6 Nc6 32. Ba4
Re8 33. Bxc6 Rxe6 34. Bd7 Rxe3 35. Bxf5 gxf5 36. Rd2 Kg6 37. Kg2 Bf8 38.
Nd3 Bd6 39. Kf2 Re4 40. Kf3 Rd4 41. Rd1 c5 42. Nf2 Rxd1 43. Nxd1 Kf7 44.
Ke3 b5 45. Kd3 Ke6 46. b3 h4 47. Ne3 hxg3 48. hxg3 Bc7 49. a4 a6 50. axb5
axb5 51. Ke2 Ba5 52. Nc2 Bc3 53. Kd3 Bb2 54. Kd2 Kd5 55. Kd3 c4+ 56. bxc4+
bxc4+ 57. Ke3 Kc5 58. Kd2 Bd4 59. Ke2 Kd5 60. Kf3 c3 61. Ke2 Kc4 62. Ne1
Bc5 63. Nd3 Bb6 64. Ne1 Kb3 65. Kd3 Bf2 66. Nc2 Bxg3 67. Nd4+ Kb2 68. Nxf5
c2 69. Nxg3 c1=Q 70. Ne2 Qc5 71. Ke4 f5+ 72. Kf3 Qd5+ 73. Kg3 Kc2 74. Ng1
Kd2 75. Nf3+ Ke3 76. Nh4 Qg8+ 77. Kh2 Kf2 0-1

[Event "World Blitz 2023"]
[Site "Samarkand UZB"]
[Date "2023.12.30"]
[Round "19.5"]
[White "Makhnev, Denis"]
[Black "Vokhidov, Shamsiddin"]
[Result "0-1"]
[WhiteElo "2528"]
[BlackElo "2588"]
[EventDate "2023.12.29"]

1. d4 Nf6 2. c4 e6 3. Nf3 d5 4. g3 dxc4 5. Bg2 Bb4+ 6. Bd2 a5 7. a3 Bxd2+
8. Qxd2 O-O 9. a4 Nc6 10. Na3 Ne4 11. Qc2 Nd6 12. Nxc4 Nb4 13. Qb3 Nxc4 14.
Qxc4 b6 15. Ne5 Ba6 16. Qc3 Rc8 17. Nc6 Qd6 18. f4 Bb7 19. Ne7+ Qxe7 20.
Bxb7 Rcd8 21. Be4 f5 22. Bb1 Nd5 23. Qb3 c5 24. e4 Nb4 25. exf5 Kh8 26.
fxe6 Rxd4 27. O-O Qd6 28. Qe3 Nd5 29. Qe2 Nf6 30. Bf5 Rd2 31. Qe5 Qe7 32.
Rad1 Rdd8 33. Rxd8 Rxd8 34. h4 g6 35. Bh3 c4 36. Re1 Rd5 37. Qb8+ Kg7 38.
Qxb6 Rd2 39. Bg2 Nh5 40. Qe3 Rd6 41. Qe5+ Kg8 42. g4 Nf6 43. g5 Ng4 44. Qc5
Kf8 45. Bf3 h5 46. Bxg4 hxg4 47. Qe5 Kg8 48. Kg2 Qb7+ 49. Qe4 Rd2+ 50. Kg3
Qb3+ 51. Re3 Rd3 52. Rxd3 Qxd3+ 53. Qxd3 cxd3 54. f5 d2 55. e7 Kf7 56.
fxg6+ Kxe7 57. h5 0-1

[Event "World Blitz 2023"]
[Site "Samarkand UZB"]
[Date "2023.12.30"]
[Round "19.6"]
[White "Nogerbek, Kazybek"]
[Black "Sadhwani, Raunak"]
[Result "1/2-1/2"]
[WhiteElo "2488"]
[BlackElo "2668"]
[EventDate "2023.12.29"]

1. d4 Nf6 2. c4 g6 3. Nc3 Bg7 4. e4 d6 5. Nf3 O-O 6. Be2 Nbd7 7. O-O e5 8.
Be3 Qe8 9. Nb5 exd4 10. Nfxd4 Qd8 11. Nc3 Nc5 12. f3 b6 13. Qd2 Bb7 14. Bh6
Ne6 15. Bxg7 Kxg7 16. Rad1 Nd7 17. Nc2 a5 18. f4 Nec5 19. Bf3 Re8 20. Qd4+
Kg8 21. Rfe1 Qf6 22. Qxf6 Nxf6 23. e5 Bxf3 24. gxf3 dxe5 25. fxe5 Nfd7 26.
f4 Rad8 27. Nd4 Nf8 28. Nd5 Kg7 29. Nxc7 Re7 30. Nd5 Rb7 31. b3 Nfe6 32.
Nxe6+ Nxe6 33. Rf1 b5 34. f5 gxf5 35. Rxf5 bxc4 36. bxc4 Rc8 37. Rc1 Rb2
38. Rf2 Rb7 39. Kh1 Kh8 40. Nf6 Nf8 41. Ne4 Re7 42. c5 Ng6 43. Nd6 Rcc7 44.
Nb5 Rc6 45. Nd4 Rc8 46. e6 fxe6 47. c6 e5 48. Nb5 e4 49. c7 e3 50. Rfc2 e2
51. Re1 Nf4 52. Rc3 a4 53. a3 Nd5 54. Rc2 Nf4 55. Rc3 Rd7 56. Kg1 Rf7 57.
Rf3 Rg8+ 58. Kf2 Nd3+ 59. Kxe2 Rxf3 60. Kxf3 Nxe1+ 61. Ke2 Nc2 62. Kd3 Nxa3
63. Nxa3 Rc8 64. Nb5 Kg7 65. Kc4 Kf6 66. Kb4 Ke7 67. Kxa4 Kd7 68. Ka5 Ke7
69. Kb6 Kd7 70. Kb7 h6 71. h3 h5 72. Kb6 h4 73. Kb7 1/2-1/2

[Event "World Blitz 2023"]
[Site "Samarkand UZB"]
[Date "2023.12.30"]
[Round "19.7"]
[White "Korobov, Anton"]
[Black "Rakhmanov, Aleksandr"]
[Result "0-1"]
[WhiteElo "2649"]
[BlackElo "2521"]
[EventDate "2023.12.29"]

1. d4 Nf6 2. c4 d6 3. Nf3 g6 4. Nc3 Bf5 5. h3 Ne4 6. Nxe4 Bxe4 7. Ng5 Bf5
8. e4 Bd7 9. Be2 Bg7 10. Be3 Na6 11. O-O c5 12. d5 Nc7 13. Rb1 b5 14. b4
cxb4 15. Rxb4 bxc4 16. Bxc4 O-O 17. Qd2 Ne8 18. Rb7 Nf6 19. Bd3 a6 20. Rfb1
Bb5 21. Bc2 Qe8 22. Nf3 Rc8 23. Nd4 Ba4 24. Bd3 Nd7 25. Nb3 Bxb3 26. R1xb3
Nc5 27. Bxc5 Rxc5 28. Bxa6 Qc8 29. Bd3 Be5 30. g3 Qxh3 31. Bf1 Qg4 32. Qe2
Qc8 33. Rxe7 Rc2 34. Qe3 Rxa2 35. Rbb7 Ra1 36. Kg2 Qc2 37. Qf3 Qc1 38. Qe2
h5 39. f4 Bd4 40. e5 dxe5 41. fxe5 Qc5 42. e6 Qxd5+ 43. Kh3 Qh1+ 0-1

[Event "World Blitz 2023"]
[Site "Samarkand UZB"]
[Date "2023.12.30"]
[Round "19.10"]
[White "Pantsulaia, Levan"]
[Black "Anton Guijarro, David"]
[Result "1-0"]
[WhiteElo "2579"]
[BlackElo "2616"]
[EventDate "2023.12.29"]

1. Nf3 d5 2. c4 e6 3. g3 dxc4 4. Qa4+ Nd7 5. Qxc4 a6 6. Bg2 b5 7. Qc2 Bb7
8. O-O Ngf6 9. d3 c5 10. b3 Be7 11. Bb2 O-O 12. Nbd2 Rc8 13. Rac1 Qb6 14.
Qb1 Nd5 15. Qa1 f6 16. a3 e5 17. Rc2 Nc7 18. Rfc1 Ne6 19. Bh3 Rfd8 20. Qa2
Ndf8 21. Nh4 g6 22. Nhf3 Bd5 23. Qb1 Rc7 24. b4 cxb4 25. Rxc7 Nxc7 26. axb4
Be6 27. Bxe6+ Nfxe6 28. Ne4 Nd5 29. Ba3 Kf7 30. Qb3 Qb7 31. Nc3 Nxc3 32.
Rxc3 Rc8 33. Bb2 Rxc3 34. Bxc3 Qc6 35. Bxe5 Kg7 36. Bc3 Nc7 1-0

[Event "World Blitz 2023"]
[Site "Samarkand UZB"]
[Date "2023.12.30"]
[Round "19.11"]
[White "Esipenko, Andrey"]
[Black "Omonov, Asrorjon"]
[Result "1-0"]
[WhiteElo "2615"]
[BlackElo "2069"]
[EventDate "2023.12.29"]

1. e4 c6 2. d4 d5 3. e5 c5 4. Nf3 Nc6 5. dxc5 Bg4 6. c3 e6 7. Be3 a6 8. Bd4
Bxf3 9. Qxf3 b6 10. Qd1 Bxc5 11. Bd3 Nge7 12. Bc2 Qc7 13. Bxc5 bxc5 14. f4
O-O 15. O-O f6 16. exf6 Rxf6 17. Qe2 Raf8 18. Nd2 Qd6 19. Rae1 Rxf4 20.
Rxf4 Rxf4 21. Qxe6+ Qxe6 22. Rxe6 Rf6 23. Rxf6 gxf6 24. Kf2 h6 25. Nb3 c4
26. Nc5 a5 27. Ke3 Kf7 28. g4 Ng6 29. Bf5 Nf8 30. b3 cxb3 31. axb3 Ke7 32.
Nd3 Nd7 33. Bxd7 Kxd7 34. b4 axb4 35. cxb4 Na7 36. Kf4 Ke6 37. Nc5+ Kd6 38.
Kf5 Nc6 39. Nd3 Ke7 40. h4 Kf7 41. Kf4 Ke6 42. b5 Ne7 43. b6 Kd6 44. b7 Kc7
45. Nc5 Kb8 46. h5 Kc7 47. Nd7 Kxb7 48. Nxf6 Kc6 49. g5 hxg5+ 50. Kxg5 d4
51. h6 d3 52. Ne4 Kd5 53. Nd2 Nc6 54. h7 Ne5 55. Kf6 Nc4 56. Nxc4 Kxc4 57.
h8=Q Kd5 1-0

[Event "World Blitz 2023"]
[Site "Samarkand UZB"]
[Date "2023.12.30"]
[Round "19.12"]
[White "Predke, Alexandr"]
[Black "Ter-Sahakyan, Samvel"]
[Result "1/2-1/2"]
[WhiteElo "2594"]
[BlackElo "2556"]
[EventDate "2023.12.29"]

1. d4 Nf6 2. c4 e6 3. Nf3 d5 4. Bg5 dxc4 5. Nc3 a6 6. e3 b5 7. a4 c6 8.
Bxf6 gxf6 9. g3 Bb7 10. Bg2 Nd7 11. O-O Bg7 12. Nd2 Rb8 13. b3 cxb3 14.
Nxb3 O-O 15. axb5 axb5 16. Ne4 f5 17. Nec5 Nxc5 18. Nxc5 Bc8 19. Bxc6 Qd6
20. Bg2 e5 21. Nb3 Be6 22. d5 Bd7 23. Ra7 Rfc8 24. Qb1 b4 25. Rd1 Rc3 26.
Bf1 f4 27. Ra6 Rb6 28. Ra8+ Rb8 29. Rxb8+ Qxb8 30. exf4 exf4 31. Qa2 h5 32.
d6 fxg3 33. hxg3 h4 34. gxh4 Qd8 35. Rd3 Be6 36. Qa5 Qxa5 37. Nxa5 Rxd3 38.
Bxd3 Be5 39. Bc4 Bxd6 40. Bxe6 fxe6 41. Kg2 Kg7 42. Kf3 Kg6 43. Kg4 Bc5 44.
f4 Bb6 45. Nb3 Kf6 46. h5 Be3 47. Kf3 Bb6 48. Ke4 Ba7 49. Nd2 Bb6 50. Nb3
Ba7 51. Na5 Bb6 52. Nc4 Bc7 53. Nd2 Bb6 54. Nb3 1/2-1/2

[Event "World Blitz 2023"]
[Site "Samarkand UZB"]
[Date "2023.12.30"]
[Round "19.13"]
[White "Bharath, Subramaniyam H"]
[Black "Iturrizaga Bonelli, Eduardo"]
[Result "0-1"]
[WhiteElo "2435"]
[BlackElo "2645"]
[EventDate "2023.12.29"]

1. d4 Nf6 2. Bf4 c5 3. d5 d6 4. Nc3 g6 5. e4 Bg7 6. Nf3 O-O 7. a4 Na6 8.
Be2 Nd7 9. Qd2 Nc7 10. Bh6 Nf6 11. Bxg7 Kxg7 12. O-O Bg4 13. Ne1 Bxe2 14.
Qxe2 e6 15. dxe6 Nxe6 16. Rd1 Nd4 17. Qd3 Qb6 18. b3 Qb4 19. Nb1 Nc6 20.
Nd2 Rfe8 21. c3 Qb6 22. Nef3 Rad8 23. Rfe1 Qc7 24. Qe3 b6 25. Qf4 Ne5 26.
h3 Nd3 27. Qg3 Nxe1 28. Rxe1 Qc6 29. Qf4 Re6 30. Ng5 Re7 31. Qh4 Rde8 32.
Re3 h6 33. Ngf3 Nxe4 34. Nc4 d5 35. Nb2 Qf6 36. Qg4 Nxc3 37. Rxe7 Rxe7 38.
Nd3 d4 39. Nf4 Qxf4 0-1

[Event "World Blitz 2023"]
[Site "Samarkand UZB"]
[Date "2023.12.30"]
[Round "19.15"]
[White "Matlakov, Maxim"]
[Black "Dardha, Daniel"]
[Result "1-0"]
[WhiteElo "2638"]
[BlackElo "2568"]
[EventDate "2023.12.29"]

1. d4 d5 2. c4 dxc4 3. Nf3 Nf6 4. e3 a6 5. Bxc4 e6 6. O-O c5 7. Re1 b5 8.
Bf1 Bb7 9. a4 b4 10. Nbd2 cxd4 11. Nxd4 Be7 12. N2b3 O-O 13. f3 Nbd7 14. e4
Qb8 15. Be3 Bd6 16. g3 Rd8 17. Na5 Qc7 18. Nxb7 Qxb7 19. Nxe6 fxe6 20. Qxd6
Nf8 21. Qb6 Qe7 22. Rad1 h5 23. Bxa6 Rdb8 24. Qd6 Qf7 25. Bb5 h4 26. Qe5
hxg3 27. hxg3 Ng6 28. Qg5 Nh7 29. Qh5 Nf6 30. Qh3 Ne5 31. Rf1 Rd8 32. Bf4
Nxf3+ 33. Kg2 Rxd1 34. Rxd1 Nxe4 35. Rh1 Qf6 36. Qh8+ Kf7 37. Qh5+ Ke7 38.
Qxf3 Qxb2+ 39. Be2 Nc3 40. Re1 Rxa4 41. Kf1 Ra1 42. Bg5+ Ke8 43. Qc6+ Kf7
44. Bh5+ g6 45. Qxe6+ Kg7 46. Qxg6+ 1-0

[Event "World Blitz 2023"]
[Site "Samarkand UZB"]
[Date "2023.12.30"]
[Round "19.16"]
[White "Ponkratov, Pavel"]
[Black "Sargsyan, Shant"]
[Result "0-1"]
[WhiteElo "2547"]
[BlackElo "2633"]
[EventDate "2023.12.29"]

1. c4 e6 2. Nc3 d5 3. e3 Nf6 4. Nf3 Bd6 5. b3 O-O 6. Bb2 Re8 7. g4 c6 8. g5
Ne4 9. h4 Nxc3 10. Bxc3 e5 11. Qc2 d4 12. Bb2 Bg4 13. Nh2 Bh5 14. Bd3 g6
15. f3 c5 16. O-O-O Nc6 17. a3 a5 18. Ng4 Bxg4 19. fxg4 a4 20. bxa4 Qa5 21.
Be4 Qxa4 22. Rdf1 Qxc2+ 23. Kxc2 Na5 24. Bd5 Re7 25. Rf6 Bc7 26. Rhf1 Rf8
27. e4 Rd7 28. a4 Bd8 29. Ba3 Bxf6 30. gxf6 b6 31. Rb1 Rd6 32. Rb5 Rc8 33.
g5 Rc7 34. d3 Kf8 35. Bc1 Ra7 36. Ba3 Rc7 37. Rb1 Ke8 38. h5 Ra7 39. Rh1
Rxd5 40. exd5 Kd7 41. hxg6 hxg6 42. Rh8 Nb7 43. Kb3 Nd6 44. Bc1 Rc7 45. Bd2
Rc8 46. Rh4 Re8 47. a5 bxa5 48. Bxa5 e4 49. Kc2 exd3+ 50. Kxd3 Re3+ 51. Kc2
Nxc4 52. Bd2 Nxd2 53. Kxd2 Re5 54. Rh7 Rxg5 55. Rxf7+ Kd6 56. Rf8 Rf5 57.
Rd8+ Kc7 58. Rf8 Kd6 59. Rd8+ Ke5 60. Kd3 Rf3+ 61. Kc4 Rc3+ 62. Kb5 Kxf6
63. d6 d3 64. Kc6 d2 65. Rf8+ Kg7 0-1

[Event "World Blitz 2023"]
[Site "Samarkand UZB"]
[Date "2023.12.30"]
[Round "19.17"]
[White "Suyarov, Mukhammadzokhid"]
[Black "Niemann, Hans Moke"]
[Result "0-1"]
[WhiteElo "2449"]
[BlackElo "2614"]
[EventDate "2023.12.29"]

1. d4 Nf6 2. Nc3 d5 3. Bf4 e6 4. Nb5 Na6 5. e3 Be7 6. Nf3 c6 7. Nc3 Qb6 8.
a3 O-O 9. b4 Qd8 10. Bxa6 bxa6 11. Ne5 Bb7 12. Na4 a5 13. Nc5 Bxc5 14. bxc5
Nd7 15. Nxd7 Qxd7 16. O-O Ba6 17. Re1 f6 18. Bd6 Rfe8 19. Qd2 a4 20. e4
dxe4 21. Rxe4 Bc4 22. Rae1 Qb7 23. Qc3 Bd5 24. R4e3 Qb5 25. Rd1 a5 26. Ree1
Qc4 27. Qxc4 Bxc4 28. Rb1 Ra7 29. Rb6 Rc8 30. Reb1 Ba6 31. f3 Kf7 32. Kf2
h5 33. h4 Kg6 34. Ke3 Kf5 35. Rg1 Bc4 36. Rbb1 Ba2 37. Rb2 Bc4 38. Rb6 Ba6
39. g4+ Kg6 40. Kf4 Bc4 41. Bb8 Rf7 42. Ke3 Re8 43. Bd6 Rc8 44. Rgb1 Bd5
45. Rb8 Rxb8 46. Rxb8 hxg4 47. fxg4 f5 48. gxf5+ Rxf5 49. Bf4 Kh5 50. Rh8+
Kg4 51. Rh7 Rf7 52. h5 e5 53. Bxe5 Rf3+ 54. Kd2 Rxa3 55. Rxg7+ Kxh5 56. Ra7
Rf3 57. Rxa5 a3 58. Ke2 Rh3 59. Kd2 a2 60. Ra8 Kg6 61. Ra6 Rh1 62. c4 Bxc4
63. Rxc6+ Kf5 64. Rf6+ Ke4 65. Rf4+ 0-1